Discover the Diamond in You (Record no. 4130)

MARC details
000 -LEADER
fixed length control field 00427nam a22001697a 4500
005 - DATE AND TIME OF LATEST TRANSACTION
control field 20160627100419.0
008 - FIXED-LENGTH DATA ELEMENTS--GENERAL INFORMATION
fixed length control field 160627b xxu||||| |||| 00| 0 eng d
020 ## - INTERNATIONAL STANDARD BOOK NUMBER
ISBN 978-81-259-3700-5
041 ## - LANGUAGE CODE
Language code of text/sound track or separate title eng
082 ## - DEWEY DECIMAL CLASSIFICATION NUMBER
Item number 10365
100 ## - MAIN ENTRY--AUTHOR NAME
Personal name Chaudhuri, Arindam
245 ## - TITLE STATEMENT
Title Discover the Diamond in You
260 ## - PUBLICATION, DISTRIBUTION, ETC. (IMPRINT)
Place of publication New Delhi
Name of publisher Vikas Publishing House (P) Ltd.
300 ## - PHYSICAL DESCRIPTION
Number of Pages 109
650 ## - SUBJECT ADDED ENTRY--TOPICAL TERM
Topical Term Management
942 ## - ADDED ENTRY ELEMENTS (KOHA)
Koha item type Books
Holdings
Lost status Damaged status Collection code Home library Current library Shelving location Date acquired Cost, normal purchase price Full call number Accession Number Koha item type
    ENGLISH JRU Library   SHELF-102-E 27/06/2016 150.00 10365 10365 Books
      JRU Library     27/06/2016 150.00 10365 10366 Books
      JRU Library     27/06/2016 150.00 10365 10367 Books
    LIFE SKILL JRU Library JRU Library SHELF-102-E 27/06/2016 150.00   10368 Books
    ENGLISH JRU Library JRU Library SHELF-102-E 27/06/2016 150.00 10365 10369 Books
    ENGLISH JRU Library JRU Library SHELF-102-E 27/06/2016 150.00 10365 10370 Books
    ENGLISH JRU Library JRU Library SHELF-102-E 27/06/2016 150.00 10365 10371 Books